000 00399nam a22001697a 4500
003 MACl
005 20161201130440.0
008 161201b xxu||||| |||| 00| 0 eng d
040 _cMACL
041 _aEnglish
082 _a620/BIM
100 _aBimbhra,Dr.P.S.
_966319
245 _aElectrical Machinery
260 _aDelhi
_bKhanna Publication
_c2013
650 _aEng.
_966320
942 _2ddc
_cBK
999 _c55637
_d55637